Österreichische Städte an der Mur - Statistiken

Allgemein
  • Dieses Quiz wurde 107 mal gespielt
  • Das Durchschnittsergebnis liegt bei 7 aus 11
Antwortstatistiken
Einwohner Stadt % Korrekt
291.134 Graz
97%
15.650 Bruck an der Mur
91%
24.189 Leoben
85%
9.631 Judenburg
67%
12.574 Knittelfeld
63%
3.467 Murau
62%
7.039 Zeltweg
49%
3.179 Bad Radkersburg
47%
5.361 Spielberg
46%
6.517 Frohnleiten
44%
3.490 Mureck
39%
Keine übereinstimmenden Quizze gefunden
Verteilung der Resultate
Anzahl Personen mit jedem Resultat
Perzentil nach korrekt beantworteten Fragen
Ihre Resultats-Entwicklung
Sie haben dieses Quiz noch nicht gespielt